000 00978nam a2200277 i 4500
003 EG-ScBUE
005 20241212093705.0
008 170718s2024 ua f f000 1 ara d
017 _a13334
020 _a9789778726169
040 _aEG-ScBUE
_bara
_erda
_cEG-ScBUE
_dEG-ScBUE
082 0 4 _a892.736
_bخ م ي
_222
100 1 _aخميسي، أحمد،
_d1948-
_eمؤلف.
_938780
245 1 2 _aالأعمال القصصية الكاملة .
_n1 ،
_p1967 - 2005 /
_cد. أحمد الخميسي.
250 _aالطبعة الأولى
264 1 _aالجيزة ، مصر :
_bأطياف للنشر والتوزيع،
_c2024.
300 _a398 صفحة ؛
_c24 سم
336 _2rdacontent
_aنص
_btxt
337 _2rdamedia
_aبدون وسيط
_bn
338 _2rdacarrier
_aمجلد
_bnc
541 _cإهداء ؛
_aأطياف
650 7 _2BUEsh
_aالقصص العربية
_yقرن 20.
_98633
653 _bGGEN
_cDecember2024
655 _vReading book
942 _2ddc
999 _c30827
_d30798